Don Gil de las calzas verdes / (Record no. 105895)
[ view plain ]
| 000 -LEADER | |
|---|---|
| campo de control de longitud fija | 00797nam a2200241 i 4500 |
| 001 - NÚMERO DE CONTROL | |
| campo de control | 105895 |
| 003 - IDENTIFICADOR DE NÚMERO DE CONTROL | |
| campo de control | ES-MaACL |
| 005 - FECHA Y HORA DE LA ÚLTIMA TRANSACCIÓN | |
| campo de control | 20230906184013.0 |
| 007 - CAMPO FIJO DE DESCRIPCIÓN FÍSICA--INFORMACIÓN GENERAL | |
| campo de control de longitud fija | t| |
| 008 - DATOS DE LONGITUD FIJA--INFORMACIÓN GENERAL | |
| campo de control de longitud fija | 060908s1960 sp ||||1| spa d |
| 080 ## - NÚMERO DE LA CLASIFICACIÓN DECIMAL UNIVERSAL | |
| Número de la Clasificación Decimal Universal | 821.134.2-22"16" |
| 100 1# - ENTRADA PRINCIPAL--NOMBRE DE PERSONA | |
| Nombre de persona | Molina, Tirso de, |
| Fechas asociadas al nombre | 1579-1648 |
| 9 (RLIN) | 226522 |
| 245 10 - MENCIÓN DEL TÍTULO | |
| Título | Don Gil de las calzas verdes / |
| Mención de responsabilidad, etc. | Tirso de Molina ; edición, prólogo y notas por el profesor Ildefonso Manuel Gil. |
| 250 ## - MENCION DE EDICION | |
| Mención de edición | 1ª ed. il. |
| 260 ## - PUBLICACIÓN, DISTRIBUCIÓN, ETC. | |
| Lugar de publicación, distribución, etc. | Zaragoza : |
| Nombre del editor, distribuidor, etc. | Ebro, |
| Fecha de publicación, distribución, etc. | D.L. 1960. |
| 300 ## - DESCRIPCIÓN FÍSICA | |
| Extensión | 142 p. : |
| Otras características físicas | retr. ; |
| Dimensiones | 18 cm. |
| 490 1# - MENCIÓN DE SERIE | |
| Mención de serie | Clásicos Ebro ; |
| Designación de volumen o secuencia | 92 |
| 500 ## - NOTA GENERAL | |
| Nota general | Biblioteca Juan Andrade. |
| 700 0# - ENTRADA AGREGADA--NOMBRE PERSONAL | |
| Nombre de persona | Gil, Ildefonso Manuel, |
| Fechas asociadas al nombre | 1912-2003 |
| 9 (RLIN) | 56735 |
| 830 0# - PUNTO DE ACCESO ADICIONAL DE SERIE-TÍTULO UNIFORME | |
| Título uniforme | Clásicos Ebro ; |
| Designación de volumen o secuencia | 92 |
| 9 (RLIN) | 185118 |
| 852 ## - LOCALIZACIÓN | |
| Ubicación | ES-MaACL |
| Número de control de estantería | AND-917 |
| Sublocalización o colección | R.110205 |
| Estatus retirado | Estado de pérdida | Estado de daño | No para préstamo | Biblioteca de origen | Biblioteca actual | Ubicación en estantería | Fecha de adquisición | Fuente de adquisición | Total de préstamos | Signatura topográfica completa | Código de barras | Visto por última vez | Precio de reemplazo | Tipo de ítem Koha |
|---|---|---|---|---|---|---|---|---|---|---|---|---|---|---|
| Biblioteca del Ateneo de Madrid | Biblioteca del Ateneo de Madrid | Depósito 2 | 17/01/2008 | AND-917 | 1110554 | 23/02/2023 | 23/02/2023 | Libro impreso |
